[Event "FIDE World Blitz-ch Women 2018"]
[Site "St. Petersburg"]
[Date "2018.12.30"]
[Round "16.54"]
[White "Iljushina, Olga"]
[Black "Khomeriki, Nino"]
[Result "0-1"]
[WhiteElo "2259"]
[BlackElo "2347"]
[Annotator "NA"]
[PlyCount "72"]
[EventDate "2018.12.19"]
[EventType "swiss"]
[EventCountry "RUS"]
[SourceTitle "playchess.com"]
[Source "ChessBase"]
[SourceQuality "1"]

1. d4 Nf6 2. c4 c5 3. d5 e6 4. Nc3 exd5 5. cxd5 d6 6. e4 g6 7. Be2 Bg7 8. Nf3 O-O 9. O-O a6 10. a4 Re8 11. Qc2 Bg4 12. Nd2 Bxe2 13. Nxe2 Nbd7 14. Nc3 Rb8 15. Nc4 Ne5 16. Na3 c4 17. f4 Nd3 18. Nxc4 Nxc1 19. Raxc1 b5 20. axb5 axb5 21. Nd2 Ng4 22. Nd1 Bd4+ 23. Kh1 Nxh2 24. Nf3 Nxf3 25. gxf3 b4 26. Qh2 Rc8 27. Rxc8 Qxc8 28. b3 Qc1 29. Qg2 Qxf4 30. Nf2 Re5 31. Nh3 Rh5 32. Rd1 Bc5 33. Ra1 Qh4 34. Kh2 Bd4 35. Ra8+ Kg7 36. Qc2 Qxh3# 0-1

[Event "FIDE World Blitz-ch Women 2018"]
[Site "St. Petersburg"]
[Date "2018.12.30"]
[Round "16.55"]
[White "Doan, Thi Van Anh"]
[Black "Vasilevich, Irina"]
[Result "0-1"]
[WhiteElo "1950"]
[BlackElo "2258"]
[Annotator "NA"]
[PlyCount "96"]
[EventDate "2018.12.19"]
[EventType "swiss"]
[EventCountry "RUS"]
[SourceTitle "playchess.com"]
[Source "ChessBase"]
[SourceQuality "1"]

1. d4 e6 2. c4 Bb4+ 3. Nc3 Bxc3+ 4. bxc3 Nf6 5. Bg5 h6 6. Bh4 d6 7. e4 Nbd7 8. Bd3 e5 9. Ne2 O-O 10. O-O Re8 11. Qc2 g5 12. Bg3 Qe7 13. h4 Nf8 14. hxg5 hxg5 15. f3 b6 16. Qd2 Nh5 17. Bf2 Ng6 18. Ng3 Nxg3 19. Bxg3 Kg7 20. c5 bxc5 21. dxc5 Nf4 22. cxd6 Qxd6 23. Bxf4 gxf4 24. Kf2 Rd8 25. Ke2 Ba6 26. Rad1 Qg6 27. Qe1 Rxd3 28. Rxd3 Rd8 29. Kf2 Qg3+ 30. Kg1 Bxd3 31. Qxg3+ fxg3 32. Rd1 Rd6 33. Re1 Bc4 34. a4 Rd3 35. Rc1 Kf6 36. a5 Rd2 37. Kh1 Ra2 38. Re1 Rxa5 39. f4 exf4 40. Rd1 Ra2 41. Re1 a5 42. e5+ Ke6 43. Kg1 Bd5 44. Rd1 Rxg2+ 45. Kf1 Rf2+ 46. Ke1 Bf3 47. Ra1 Re2+ 48. Kf1 Rh2 0-1

[Event "FIDE World Blitz-ch Women 2018"]
[Site "St. Petersburg"]
[Date "2018.12.30"]
[Round "16.56"]
[White "Romanovskaya, Anna"]
[Black "Borisova, Ekaterina"]
[Result "0-1"]
[WhiteElo "2210"]
[BlackElo "2244"]
[Annotator "NA"]
[PlyCount "178"]
[EventDate "2018.12.19"]
[EventType "swiss"]
[EventCountry "RUS"]
[SourceTitle "playchess.com"]
[Source "ChessBase"]
[SourceQuality "1"]

1. e4 c5 2. Nc3 Nc6 3. Bb5 g6 4. Bxc6 bxc6 5. d3 Bg7 6. f4 d6 7. Nf3 Nf6 8. O-O O-O 9. Qe1 Rb8 10. b3 Bg4 11. Bd2 Bxf3 12. Rxf3 Ne8 13. f5 Nc7 14. Qh4 Bf6 15. Qh6 Bg7 16. Qh4 Bf6 17. Qh6 Bg7 18. Qh4 Nb5 19. Nxb5 cxb5 20. Raf1 Bf6 21. Bg5 Bd4+ 22. Kh1 Qd7 23. Rh3 h5 24. Bxe7 Rfe8 25. Bf6 Bxf6 26. Qxf6 Qe7 27. fxg6 Qxf6 28. Rxf6 fxg6 29. Rxg6+ Kf7 30. Rxd6 c4 31. dxc4 Rxe4 32. Rf3+ Ke7 33. Rd1 bxc4 34. h3 Re2 35. Rc3 cxb3 36. axb3 Rb7 37. Rdd3 Kf6 38. Rd5 Rg7 39. Rcc5 Rgxg2 40. Rc6+ Ke7 41. Rxh5 Rgf2 42. Kg1 Rg2+ 43. Kf1 Ref2+ 44. Ke1 Re2+ 45. Kd1 Kd7 46. Rc3 Ref2 47. Kc1 Rg1+ 48. Kb2 Rff1 49. Rh7+ Kd6 50. Rd3+ Kc5 51. Rc7+ Kb6 52. Rc4 Rb1+ 53. Kc3 Rbc1 54. Kb4 a5+ 55. Kc3 Rg2 56. Rd2 Rg3+ 57. Kb2 Rh1 58. h4 Rgh3 59. Rdd4 R3h2 60. Rg4 Rh3 61. Rcf4 R1h2 62. Rc4 Rh1 63. Ra4 R1h2 64. Rgc4 Rg3 65. Rf4 Rgh3 66. Rf5 Rxh4 67. Raxa5 R4h3 68. Rae5 Rh6 69. Rc5 Rg2 70. Rc4 Rhh2 71. b4 Re2 72. Kb3 Rh1 73. Rg4 Rb1+ 74. Kc3 Re3+ 75. Kd2 Re6 76. c3 Rd6+ 77. Kc2 Rbd1 78. Kb3 Rb1+ 79. Kc2 Rbd1 80. Rgf4 R6d2+ 81. Kb3 Rb1+ 82. Kc4 Rc1 83. Rf6+ Kc7 84. Rg4 Rd7 85. Rg3 Re7 86. Rgf3 Re4+ 87. Kd5 Re2 88. c4 Rd1+ 89. Kc5 Re5# 0-1

[Event "FIDE World Blitz-ch Women 2018"]
[Site "St. Petersburg"]
[Date "2018.12.30"]
[Round "16.57"]
[White "Komiagina, Maria"]
[Black "Tomashevskaya, Lidia"]
[Result "1-0"]
[WhiteElo "2234"]
[BlackElo "2123"]
[Annotator "NA"]
[PlyCount "87"]
[EventDate "2018.12.19"]
[EventType "swiss"]
[EventCountry "RUS"]
[SourceTitle "playchess.com"]
[Source "ChessBase"]
[SourceQuality "1"]

1. e4 e5 2. Nf3 Nc6 3. Bb5 a6 4. Ba4 Nf6 5. d3 b5 6. Bb3 Be7 7. a3 O-O 8. Nc3 d6 9. O-O Na5 10. Ba2 c5 11. Nd5 Nxd5 12. Bxd5 Bb7 13. b4 Bxd5 14. exd5 Nb7 15. Rb1 Qc7 16. Bb2 a5 17. Qd2 axb4 18. axb4 Ra2 19. bxc5 Nxc5 20. Rfc1 Na4 21. Ba1 Qc5 22. d4 Qxd5 23. dxe5 Qxd2 24. Nxd2 Bg5 25. Rd1 dxe5 26. Nf3 Bf6 27. Nxe5 Rxa1 28. Rxa1 Bxe5 29. Ra3 Nc3 30. Re1 b4 31. Ra6 Rd8 32. g3 Bf6 33. Rb6 Nd5 34. Rb5 h6 35. Rd1 Nc3 36. Rxd8+ Bxd8 37. Rb8 Kh7 38. Rxd8 Nb5 39. Rd5 Na3 40. Rd2 Kg6 41. Kg2 Kf5 42. Kf3 Ke5 43. Ke2 Nb5 44. Rd7 1-0

[Event "FIDE World Blitz-ch Women 2018"]
[Site "St. Petersburg"]
[Date "2018.12.30"]
[Round "16.58"]
[White "Molchanova, Tatjana"]
[Black "Belova, Olga"]
[Result "1-0"]
[WhiteElo "2245"]
[BlackElo "2069"]
[Annotator "NA"]
[PlyCount "55"]
[EventDate "2018.12.19"]
[EventType "swiss"]
[EventCountry "RUS"]
[SourceTitle "playchess.com"]
[Source "ChessBase"]
[SourceQuality "1"]

1. e4 e5 2. Nc3 g6 3. g3 Bg7 4. Bg2 Ne7 5. Nge2 Nbc6 6. O-O d6 7. h3 Be6 8. Nd5 f5 9. d3 Bxd5 10. exd5 Nb8 11. d4 e4 12. Nf4 Bf6 13. Ne6 Qd7 14. c4 Na6 15. f3 c6 16. fxe4 fxe4 17. Rxf6 cxd5 18. Ng7+ Kd8 19. Bf4 Nc8 20. Ne6+ Ke8 21. cxd5 Nb4 22. Bxe4 Nb6 23. Bh6 N6xd5 24. Bxd5 Nxd5 25. Qf3 Nxf6 26. Qxf6 Rg8 27. Re1 Qe7 28. Nc7+ 1-0

[Event "FIDE World Blitz-ch Women 2018"]
[Site "St. Petersburg"]
[Date "2018.12.30"]
[Round "16.59"]
[White "Loskutova, Viktoriya"]
[Black "Utiatskaja, Irina"]
[Result "0-1"]
[WhiteElo "2105"]
[BlackElo "2246"]
[Annotator "NA"]
[PlyCount "70"]
[EventDate "2018.12.19"]
[EventType "swiss"]
[EventCountry "RUS"]
[SourceTitle "playchess.com"]
[Source "ChessBase"]
[SourceQuality "1"]

1. e4 c5 2. Nf3 d6 3. d4 cxd4 4. Nxd4 Nf6 5. Nc3 a6 6. Be3 e6 7. f3 b5 8. Qd2 Nbd7 9. g4 Nb6 10. Bd3 Bb7 11. O-O-O Nfd7 12. h4 Ne5 13. Nb3 Nec4 14. Bxc4 Nxc4 15. Qd3 Nxe3 16. Qxe3 Be7 17. e5 d5 18. h5 O-O 19. Nd4 b4 20. Nce2 a5 21. f4 a4 22. h6 g6 23. Kb1 b3 24. cxb3 axb3 25. Nxb3 Ba6 26. Ned4 Bc4 27. f5 Qb6 28. fxe6 fxe6 29. Nc2 Qa6 30. a3 Rfb8 31. Ncd4 Bxa3 32. Qf3 Bxb2 33. Qf6 Qa2+ 34. Kc2 Bxd4+ 35. Kc1 Qb2# 0-1

[Event "FIDE World Blitz-ch Women 2018"]
[Site "St. Petersburg"]
[Date "2018.12.30"]
[Round "16.60"]
[White "Tevzadze, Mariam"]
[Black "Bogumil, Tatiana"]
[Result "1-0"]
[WhiteElo "1967"]
[BlackElo "2114"]
[Annotator "NA"]
[PlyCount "147"]
[EventDate "2018.12.19"]
[EventType "swiss"]
[EventCountry "RUS"]
[SourceTitle "playchess.com"]
[Source "ChessBase"]
[SourceQuality "1"]

1. d4 Nf6 2. c4 c5 3. Nf3 b6 4. Nc3 Bb7 5. d5 d6 6. Bg5 Nbd7 7. e4 g6 8. Be2 Bg7 9. Qd2 h6 10. Bh4 O-O 11. O-O b5 12. cxb5 a6 13. bxa6 Bxa6 14. Bxa6 Rxa6 15. Qe2 Rb6 16. a4 Qb8 17. Nb5 g5 18. Bg3 Ne8 19. Ra2 Nc7 20. Nxc7 Qxc7 21. Nd2 Rxb2 22. Rxb2 Bxb2 23. Nc4 Bd4 24. Rb1 Rb8 25. Qc2 f6 26. h4 Kg7 27. h5 Rxb1+ 28. Qxb1 Qb8 29. Qb5 Qa7 30. a5 Kf7 31. Kh2 Bc3 32. Nb6 Nb8 33. Nc4 Na6 34. Qb6 Qa8 35. f3 Nb4 36. Qb5 Qa6 37. Qxa6 Nxa6 38. Bf2 Ke8 39. Kg3 Bb4 40. Kg4 Kf7 41. Kf5 Nb8 42. g3 Bc3 43. f4 Na6 44. fxg5 hxg5 45. Be3 Nc7 46. h6 Bb4 47. Bc1 Bc3 48. Be3 Bb4 49. h7 Kg7 50. a6 Kxh7 51. a7 Kg7 52. Nb6 Ba5 53. a8=Q Nxa8 54. Nxa8 Kf7 55. Bc1 Bd8 56. Kg4 e6 57. Kf3 f5 58. Bb2 fxe4+ 59. Kxe4 Ke7 60. Bc3 Kd7 61. g4 exd5+ 62. Kxd5 Ke7 63. Bd2 Kd7 64. Be3 Kc8 65. Kxd6 Kb7 66. Kd7 Bf6 67. Nc7 Kb6 68. Nd5+ Kb5 69. Nxf6 Kc4 70. Bxg5 Kd3 71. Nd5 c4 72. Kc6 Ke4 73. Bf6 c3 74. Nxc3+ 1-0

[Event "FIDE World Blitz-ch Women 2018"]
[Site "St. Petersburg"]
[Date "2018.12.30"]
[Round "16.61"]
[White "Makarenko, Alexandra"]
[Black "Kosteniuk, Oksana"]
[Result "1-0"]
[WhiteElo "2228"]
[BlackElo "2096"]
[Annotator "NA"]
[PlyCount "143"]
[EventDate "2018.12.19"]
[EventType "swiss"]
[EventCountry "RUS"]
[SourceTitle "playchess.com"]
[Source "ChessBase"]
[SourceQuality "1"]

1. e4 d5 2. exd5 Qxd5 3. Nc3 Qd6 4. d4 Nf6 5. Nb5 Qd8 6. c4 c6 7. Nc3 Bf5 8. Nf3 e6 9. g3 Nbd7 10. Bg2 Nb6 11. Qe2 Bb4 12. O-O O-O 13. Be3 Qc7 14. Nh4 Bg6 15. Nxg6 hxg6 16. Rfd1 Rfd8 17. Rac1 Bxc3 18. Rxc3 Na4 19. Rcc1 Nb6 20. b3 Rd7 21. Bf4 Qd8 22. Be5 Qe7 23. g4 Rad8 24. c5 Nbd5 25. Bd6 Qe8 26. a3 Ra8 27. b4 a6 28. g5 Nh5 29. Bxd5 exd5 30. Re1 Qxe2 31. Rxe2 f5 32. Be5 f4 33. f3 Kf7 34. a4 Re8 35. Rb1 Ra8 36. Kg2 Re8 37. b5 axb5 38. axb5 Ra8 39. Rbb2 Ra5 40. bxc6 bxc6 41. Rb6 Rda7 42. Rxc6 Ra2 43. Rc7+ Rxc7 44. Rxa2 Rc6 45. Rb2 Ke6 46. Rb8 Kd7 47. h4 Ra6 48. Rb7+ Kd8 49. Rb2 Ng3 50. Bxg7 Nf5 51. Bf6+ Kd7 52. Kh3 Ne3 53. Be5 Nc4 54. Rb7+ Kc8 55. Rc7+ Kd8 56. Rf7 Ne3 57. Rxf4 Nf5 58. h5 Ne7 59. hxg6 Nxg6 60. Rf6 Rxf6 61. Bxf6+ Kd7 62. Kg4 Ke6 63. f4 Nf8 64. f5+ Kf7 65. Be5 Nd7 66. g6+ Kg8 67. c6 Nb6 68. c7 Nc8 69. f6 Nb6 70. f7+ Kf8 71. Bd6+ Kg7 72. f8=Q+ 1-0

[Event "FIDE World Blitz-ch Women 2018"]
[Site "St. Petersburg"]
[Date "2018.12.30"]
[Round "17.34"]
[White "Nakhbayeva, Guliskhan"]
[Black "Sukhareva, Evgeniya"]
[Result "1-0"]
[WhiteElo "2371"]
[BlackElo "2126"]
[Annotator "NA"]
[PlyCount "56"]
[EventDate "2018.12.19"]
[EventType "swiss"]
[EventCountry "RUS"]
[SourceTitle "playchess.com"]
[Source "ChessBase"]
[SourceQuality "1"]

1. d4 Nf6 2. c4 e6 3. Nc3 c5 4. d5 exd5 5. cxd5 d6 6. Nf3 g6 7. Bf4 a6 8. a4 Bg7 9. e3 O-O 10. h3 Qe7 11. Bd3 Nbd7 12. O-O Ne8 13. Nd2 Ne5 14. Be2 Nc7 15. Re1 Rb8 16. a5 b5 17. axb6 Rxb6 18. Qc2 Rb4 19. Bg3 f5 20. f4 Nd7 21. Nc4 Nf6 22. Rad1 Bb7 23. Na5 Ncxd5 24. Bf3 Nxe3 25. Nxb7 Nh5 26. Bf2 Bd4 27. Na5 Nxf4 28. Nc6 Nxh3+ 1-0

[Event "FIDE World Blitz-ch Women 2018"]
[Site "St. Petersburg"]
[Date "2018.12.30"]
[Round "17.43"]
[White "Berend, Elvira"]
[Black "Fominykh, Maria"]
[Result "1-0"]
[WhiteElo "2332"]
[BlackElo "2259"]
[Annotator "NA"]
[PlyCount "103"]
[EventDate "2018.12.19"]
[EventType "swiss"]
[EventCountry "RUS"]
[SourceTitle "playchess.com"]
[Source "ChessBase"]
[SourceQuality "1"]

1. d4 d6 2. Nf3 g6 3. g3 Bg7 4. Bg2 e5 5. O-O Nc6 6. e3 Nf6 7. c4 O-O 8. Nc3 Bf5 9. Nh4 Bg4 10. f3 Bd7 11. d5 Na5 12. Qd3 b6 13. e4 h6 14. Be3 Nh5 15. b4 Nb7 16. a3 Nf4 17. gxf4 Qxh4 18. fxe5 Bxe5 19. f4 Bg7 20. Rae1 a5 21. Nb5 axb4 22. axb4 Bxb5 23. cxb5 Ra2 24. Rc1 Qe7 25. Bd4 Rfa8 26. Bxg7 Kxg7 27. Rc2 R8a3 28. Qd4+ Kh7 29. Qc4 Ra1 30. Qxc7 Qf6 31. Rcc1 Qd4+ 32. Kh1 Rxc1 33. Qxf7+ Kh8 34. Rxc1 Ra1 35. Qe8+ Kh7 36. Qd7+ Kh8 37. Qc8+ Kh7 38. Qxb7+ Kh8 39. Qc8+ Kh7 40. Qc7+ Kh8 41. h3 Rxc1+ 42. Qxc1 Qxb4 43. Qc8+ Kg7 44. Qc7+ Kf6 45. e5+ dxe5 46. Qxe5+ Kf7 47. d6 Qd2 48. Qd5+ Qxd5 49. Bxd5+ Ke8 50. Be6 g5 51. fxg5 hxg5 52. Kg2 1-0